00465pab a2200157 454500008004000000100001900040245007000059260000900129300001200138362000800150650004300158650004100201650002600242700002100268773001800289180718b1993 xxu||||| |||| 00| 0 eng d aSharan, Ramesh aDeprivation of female farm labourers in Jharkhand region of Bihar c1993 ap.95-99 aDec aAgricultural labourers - India - Bihar aWomen in agriculture - India - Bihar aWomen - India - Bihar aDayal, Harishwar aSocial Change